000 00259nam a2200109 a 4500
005 20201002053328.0
008 180412s2016 000 spa d
020 _a9789945123814
245 0 _aEnglish I :.
260 _aSanto Domingo,
_c2016.
999 _c46551
_d46551
040 _aDO-SdBNP